[Event "VIE-chB (Women)"]
[Site "Ba Dinh"]
[Date "2018.12.02"]
[Round "7"]
[White "Nguyen, Thi Thao Linh"]
[Black "Le, Hoang Tran Chau"]
[Result "0-1"]
[WhiteElo "1836"]
[BlackElo "2151"]
[PlyCount "62"]
[EventDate "2018.11.28"]
[EventType "swiss"]
[EventRounds "9"]
[EventCountry "VIE"]
[SourceTitle "EXT 2021"]
[Source "ChessBase"]
[SourceDate "2020.10.23"]
[SourceVersion "1"]
[SourceVersionDate "2020.10.23"]
[SourceQuality "1"]

1. d4 Nf6 2. Nf3 g6 3. g3 Bg7 4. Bg2 0-0 5. 0-0 d5 6. c4 c6 7. Nc3 dxc4 8. a4 Na6 9. e3 Nb4 10. Ne5 Bf5 11. e4 Be6 12. a5 Nd7 13. Nxd7 Qxd7 14. Ra4 Nd3 15. d5 cxd5 16. exd5 Bg4 17. f3 Bf5 18. Rxc4 Nxc1 19. Qxc1 Bd3 20. Rb4 Bxf1 21. Qxf1 Bxc3 22. bxc3 Qxd5 23. Rb5 Qc6 24. c4 Rab8 25. f4 Qc7 26. f5 b6 27. a6 Rbd8 28. Bd5 Qd6 29. Qh3 Kg7 30. Qg4 Qf6 31. fxg6 fxg6 0-1

[Event "VIE-chB (Women)"]
[Site "Ba Dinh"]
[Date "2018.11.30"]
[Round "4"]
[White "Nguyen, Thi Thao Linh"]
[Black "Nguyen, To Tran"]
[Result "0-1"]
[WhiteElo "1836"]
[BlackElo "1775"]
[PlyCount "38"]
[EventDate "2018.11.28"]
[EventType "swiss"]
[EventRounds "9"]
[EventCountry "VIE"]
[SourceTitle "EXT 2021"]
[Source "ChessBase"]
[SourceDate "2020.10.23"]
[SourceVersion "1"]
[SourceVersionDate "2020.10.23"]
[SourceQuality "1"]

1. d4 Nf6 2. Nf3 g6 3. g3 Bg7 4. Bg2 0-0 5. 0-0 d6 6. Bf4 c5 7. dxc5 dxc5 8. Qc1 Qb6 9. c3 Nc6 10. Na3 Nd5 11. Bh6 Bxh6 12. Qxh6 Qxb2 13. c4 Nc3 14. e3 f6 15. Nh4 Ne5 16. Nb5 Ng4 17. Rab1 Nxb1 18. Qf4 Nd2 19. Re1 e5 0-1

[Event "VIE Cup (Women)"]
[Site "Bac Giang"]
[Date "2018.06.04"]
[Round "8"]
[White "Nguyen, Thi Thao Linh"]
[Black "Nguyen, Ngan Ha"]
[Result "1/2-1/2"]
[WhiteElo "1800"]
[BlackElo "1489"]
[PlyCount "67"]
[EventDate "2018.05.30"]
[EventType "swiss"]
[EventRounds "9"]
[EventCountry "VIE"]
[SourceTitle "CBM 184 Extra"]
[Source "ChessBase"]
[SourceDate "2018.06.28"]
[SourceVersion "1"]
[SourceVersionDate "2018.06.28"]
[SourceQuality "1"]

1. d4 d5 2. Nf3 Nf6 3. e3 Bg4 4. c4 c6 5. Nbd2 e6 6. Bd3 g6 7. 0-0 Bg7 8. Qb3 Qc7 9. Ne5 Bf5 10. cxd5 cxd5 11. Ndf3 Bxd3 12. Qxd3 0-0 13. b3 Ne4 14. Ba3 Re8 15. Qb5 Nc6 16. Rac1 Rac8 17. Rc2 Qb6 18. Qxb6 axb6 19. Rfc1 Ra8 20. Nxc6 bxc6 21. Bb4 c5 22. dxc5 bxc5 23. Bxc5 Nxc5 24. Rxc5 Rxa2 25. Rb5 h6 26. g4 Rb2 27. Rb7 Ra8 28. Rcc7 Ra1+ 29. Kg2 Raa2 30. Rxf7 Rxf2+ 31. Kg3 Rg2+ 32. Kh3 Be5 33. g5 hxg5 34. Nxe5 1/2-1/2

[Event "VIE Cup (Women)"]
[Site "Bac Giang"]
[Date "2018.05.31"]
[Round "3"]
[White "Nguyen, Ha Phuong1111"]
[Black "Nguyen, Thi Thao Linh"]
[Result "0-1"]
[WhiteElo "1469"]
[BlackElo "1800"]
[PlyCount "46"]
[EventDate "2018.05.30"]
[EventType "swiss"]
[EventRounds "9"]
[EventCountry "VIE"]
[SourceTitle "CBM 184 Extra"]
[Source "ChessBase"]
[SourceDate "2018.06.28"]
[SourceVersion "1"]
[SourceVersionDate "2018.06.28"]
[SourceQuality "1"]

1. e4 c5 2. Nf3 e6 3. d4 cxd4 4. Nxd4 Nf6 5. Bd3 Nc6 6. Be3 Ne5 7. 0-0 d5 8. Nd2 Nxd3 9. cxd3 e5 10. N4b3 Be7 11. f4 Ng4 12. Qf3 Nxe3 13. Qxe3 exf4 14. Qxf4 0-0 15. Rae1 dxe4 16. dxe4 a5 17. Nc4 Be6 18. Rd1 Qe8 19. Ne5 a4 20. Nd4 Bxa2 21. Qg4 Rd8 22. Nf5 Bc5+ 23. Kh1 Qxe5 0-1

[Event "VIE-ch (Women)"]
[Site "Bac Giang"]
[Date "2017.11.27"]
[Round "8"]
[White "Luu, Ha Bich Ngoc"]
[Black "Nguyen, Thi Thao Linh"]
[Result "0-1"]
[WhiteElo "1385"]
[BlackElo "1800"]
[PlyCount "92"]
[EventDate "2017.11.23"]
[EventType "swiss"]
[EventRounds "9"]
[EventCountry "VIE"]
[SourceTitle "CBM 181 Extra"]
[Source "ChessBase"]
[SourceDate "2017.12.12"]
[SourceVersion "1"]
[SourceVersionDate "2017.12.12"]
[SourceQuality "1"]

1. d4 d5 2. Nf3 Nf6 3. Bf4 e6 4. c4 c6 5. e3 Bd6 6. Ne5 0-0 7. Nc3 dxc4 8. Bxc4 Nd5 9. Bg3 Qe7 10. 0-0 f6 11. Nf3 Bxg3 12. hxg3 Nd7 13. Re1 N7b6 14. Bb3 Kh8 15. Qe2 e5 16. Nh4 g6 17. Rad1 e4 18. g4 f5 19. g3 fxg4 20. Qc2 Re8 21. Ng2 g5 22. Qb1 Bf5 23. Nxd5 cxd5 24. Rc1 a5 25. Rc5 Rec8 26. Rec1 Rxc5 27. Rxc5 Rc8 28. Rxa5 Qb4 29. Qe1 Qd6 30. Qd2 Nc4 31. Bxc4 Rxc4 32. Ra3 Bd7 33. Rc3 Qb4 34. a3 Qa5 35. Ne1 Rxc3 36. Qxc3 Qxc3 37. bxc3 Ba4 38. Kf1 Kg7 39. Ke2 Kf6 40. Kd2 Ke6 41. Kc1 h5 42. Ng2 Kd6 43. Kb2 Bd1 44. a4 Bf3 45. Ne1 h4 46. gxh4 gxh4 0-1

[Event "VIE-ch (Women)"]
[Site "Bac Giang"]
[Date "2017.11.26"]
[Round "5"]
[White "Nguyen, Thi Mai Hung"]
[Black "Nguyen, Thi Thao Linh"]
[Result "1/2-1/2"]
[WhiteElo "2321"]
[BlackElo "1800"]
[PlyCount "174"]
[EventDate "2017.11.23"]
[EventType "swiss"]
[EventRounds "9"]
[EventCountry "VIE"]
[SourceTitle "CBM 181 Extra"]
[Source "ChessBase"]
[SourceDate "2017.12.12"]
[SourceVersion "1"]
[SourceVersionDate "2017.12.12"]
[SourceQuality "1"]

1. d4 d5 2. Nf3 Nf6 3. e3 e6 4. Bd3 Bd6 5. Nbd2 Nbd7 6. 0-0 0-0 7. c4 c5 8. b3 b6 9. Bb2 Bb7 10. cxd5 Nxd5 11. Nc4 Be7 12. Rc1 cxd4 13. Nxd4 Nc5 14. Bb1 Bf6 15. Qg4 Nb4 16. Rfd1 Qe7 17. Ba3 Nba6 18. Nb5 g6 19. Nbd6 Rad8 20. e4 h5 21. Qe2 e5 22. Nxb7 Qxb7 23. b4 Ne6 24. Nd6 Qe7 25. Nf5 Qb7 26. Nd6 Qe7 27. Qxa6 Rxd6 28. Rxd6 Qxd6 29. Qxa7 Nf4 30. Rf1 Qc6 31. Bb2 Ra8 32. b5 Rxa7 33. bxc6 Rc7 34. Rd1 Rxc6 35. g3 Ne2+ 36. Kf1 Nd4 37. Bd3 Be7 38. a4 Bc5 39. Bc4 Kf8 40. Kg2 Ke7 41. Rc1 f6 42. f4 Bd6 43. fxe5 Bxe5 44. Kf2 Ne6 45. Bb5 Rxc1 46. Bxc1 Bd4+ 47. Kg2 Nc5 48. Kf3 Ne6 49. Bd3 Nc5 50. Bb5 Ne6 51. h4 Nc5 52. Ba3 Kf7 53. Bb4 Kg7 54. Ba3 Kf7 55. Bc6 Kg7 56. g4 hxg4+ 57. Kxg4 Kf7 58. Kf3 Kg7 59. Be8 Kh7 60. Bc1 Kg7 61. Bf4 Ne6 62. Bg3 Nc5 63. Bd6 Nb7 64. Bc7 Bc5 65. Ke2 Nd6 66. Bc6 Kf7 67. Kd3 Ke7 68. Ke2 Kf7 69. Bd8 Kg7 70. Kd3 Kf7 71. Bd5+ Kg7 72. Ke2 Bd4 73. Be7 Bc5 74. Bd8 Bd4 75. Kf3 Bc5 76. Kf4 Nf7 77. Bxf7 Kxf7 78. e5 f5 79. h5 gxh5 80. Kxf5 Bf2 81. Bg5 h4 82. e6+ Ke8 83. Kg4 Kf8 84. Kf3 Be1 85. Bd8 Ke8 86. Bxb6 Ke7 87. a5 Bxa5 1/2-1/2

[Event "VIE-chT (Women)"]
[Site "Ho Chi Minh City"]
[Date "2017.07.27"]
[Round "6.21"]
[White "Nguyen, Thi Thao Linh"]
[Black "Luu, Ha Bich Ngoc"]
[Result "1-0"]
[WhiteElo "1882"]
[BlackElo "1409"]
[PlyCount "95"]
[EventDate "2017.07.24"]
[EventType "team-swiss"]
[EventRounds "9"]
[EventCountry "VIE"]
[SourceTitle "EXT 2019"]
[Source "ChessBase"]
[SourceDate "2018.10.10"]
[SourceVersion "1"]
[SourceVersionDate "2018.10.10"]
[SourceQuality "1"]

1. d4 Nf6 2. Nf3 e6 3. e3 d5 4. Bd3 Bd6 5. 0-0 0-0 6. b3 b6 7. Bb2 Bb7 8. Nbd2 c5 9. Ne5 Nc6 10. Nxc6 Bxc6 11. Nf3 Bb7 12. Ne5 Qc7 13. Rc1 Rad8 14. Qe2 Bxe5 15. dxe5 Nd7 16. f4 Rfe8 17. Qh5 Nf8 18. Rf3 g6 19. Rg3 c4 20. Be2 c3 21. Ba3 d4 22. Bd6 Rxd6 23. exd6 Qxd6 24. Qb5 Rd8 25. Qd3 Qa3 26. Rd1 Qxa2 27. exd4 Rc8 28. Rc1 Qa3 29. Qd1 Qb4 30. Ra1 b5 31. Rxa7 Bd5 32. Ra2 Be4 33. Re3 Bf5 34. Re5 Rd8 35. Rxb5 Qxd4+ 36. Qxd4 Rxd4 37. Rc5 Rd2 38. Bf3 Rxc2 39. Rxc2 Bxc2 40. Rxc3 Bf5 41. b4 Nd7 42. b5 Kf8 43. g4 Bb1 44. Rc7 Nb6 45. Rc6 Nd7 46. b6 Ke7 47. b7 f5 48. Rc7 1-0

[Event "VIE-ch (Women)"]
[Site "Hanoi"]
[Date "2017.04.18"]
[Round "3"]
[White "Nguyen, Hoang Anh"]
[Black "Nguyen, Thi Thao Linh"]
[Result "1-0"]
[WhiteElo "2029"]
[BlackElo "1830"]
[PlyCount "82"]
[EventDate "2017.04.16"]
[EventType "swiss"]
[EventRounds "11"]
[EventCountry "VIE"]
[SourceTitle "CBM 178 Extra"]
[Source "ChessBase"]
[SourceDate "2017.06.22"]
[SourceVersion "1"]
[SourceVersionDate "2017.06.22"]
[SourceQuality "1"]

1. d4 g6 2. c4 Bg7 3. Nc3 d6 4. Nf3 Nf6 5. e4 0-0 6. Be2 c5 7. 0-0 cxd4 8. Nxd4 Nc6 9. Be3 a6 10. Kh1 Bd7 11. f3 Rc8 12. Qd2 Nh5 13. Nd5 e6 14. Nxc6 Bxc6 15. Nb6 Rb8 16. Rad1 Qh4 17. Bf2 Qf4 18. g3 Qxd2 19. Rxd2 Rfd8 20. Rfd1 f5 21. exf5 exf5 22. b3 Nf6 23. Kg2 Bf8 24. Kg1 Kf7 25. b4 Nd7 26. b5 Nxb6 27. Bxb6 axb5 28. cxb5 Bd7 29. Bxd8 Rxd8 30. Bc4+ Be6 31. Bxe6+ Kxe6 32. Rc2 Be7 33. Rc7 Bf6 34. Rxb7 Ra8 35. Rd2 h5 36. Rb6 Be7 37. Ra6 Rb8 38. a4 Rb7 39. b6 Bf6 40. a5 Bc3 41. Re2+ Be5 1-0

[Event "VIE-chT (Women)"]
[Site "Ho Chi Minh City"]
[Date "2015.07.19"]
[Round "4.13"]
[White "Ngo Kim, Cuong"]
[Black "Nguyen, Thi Thao Linh"]
[Result "1/2-1/2"]
[WhiteElo "1995"]
[BlackElo "1882"]
[PlyCount "108"]
[EventDate "2015.07.16"]
[EventType "team-swiss"]
[EventRounds "9"]
[EventCountry "VIE"]
[SourceTitle "EXT 2016"]
[Source "ChessBase"]
[SourceDate "2015.10.08"]
[SourceVersion "1"]
[SourceVersionDate "2015.10.08"]
[SourceQuality "1"]

1. d4 d5 2. c4 e6 3. Nf3 Nf6 4. cxd5 exd5 5. Bg5 Be7 6. e3 0-0 7. Bd3 b6 8. Qc2 h6 9. Bh4 Ba6 10. Nc3 c5 11. Ne5 Bxd3 12. Qxd3 c4 13. Qc2 a6 14. 0-0 b5 15. a3 Re8 16. Qf5 Qd6 17. Bxf6 Qxf6 18. Qxf6 Bxf6 19. Ng4 Rd8 20. Nxf6+ gxf6 21. f3 Nc6 22. Kf2 Rab8 23. Ke2 a5 24. Kd2 Kf8 25. Rab1 b4 26. Na4 Na7 27. axb4 axb4 28. Nc5 Nb5 29. Na6 Rb6 30. Nxb4 Nxd4 31. exd4 Rxb4 32. Kc2 Rb3 33. Ra1 Rdb8 34. Ra2 Re3 35. Rf2 Rd3 36. Rd2 Rbb3 37. Re2 Rxd4 38. Ra7 Rbd3 39. Ree7 Kg7 40. Rxf7+ Kg6 41. g4 Kg5 42. h4+ Kxh4 43. Rxf6 Kg3 44. Rxh6 Rxf3 45. g5 Rg4 46. g6 Rf6 47. Rh1 Rfxg6 48. Rd1 d4 49. Rd7 d3+ 50. Kc3 Kf2 51. Rf7+ Ke2 52. Rd2+ Ke3 53. b3 cxb3 54. Rxd3+ Ke2 1/2-1/2

[Event "VIE-ch Resolution (Women) 7th"]
[Site "Bac Giang"]
[Date "2014.12.09"]
[Round "4"]
[White "Nguyen, Thi Thanh An"]
[Black "Nguyen, Thi Thao Linh"]
[Result "1/2-1/2"]
[WhiteElo "2261"]
[BlackElo "1882"]
[PlyCount "77"]
[EventDate "2014.12.05"]
[EventType "swiss"]
[EventRounds "9"]
[EventCountry "VIE"]
[SourceTitle "EXT 2016"]
[Source "ChessBase"]
[SourceDate "2015.10.08"]
[SourceVersion "1"]
[SourceVersionDate "2015.10.08"]
[SourceQuality "1"]

1. e4 e5 2. Nf3 Nc6 3. Nc3 Bc5 4. d3 Nf6 5. Bg5 0-0 6. Be2 Be7 7. 0-0 d6 8. h3 Nd4 9. Nxd4 exd4 10. Bxf6 Bxf6 11. Nd5 Bg5 12. f4 Bh4 13. f5 c6 14. Nf4 Bg3 15. Nh5 Be5 16. Bg4 g6 17. Nf4 Qg5 18. Ne2 h5 19. Bf3 gxf5 20. exf5 Bxf5 21. Kh1 Qh4 22. Qe1 Qxe1 23. Raxe1 Bg6 24. b4 Rac8 25. a4 Rc7 26. Nc1 b5 27. a5 c5 28. bxc5 Rxc5 29. Bd1 f6 30. Nb3 Rc3 31. h4 Bf7 32. Rf5 Kg7 33. Ref1 Rh8 34. Nd2 Be6 35. R5f2 Bg3 36. Rxf6 Bd5 37. Ne4 Bxe4 38. dxe4 Bxh4 39. Rxd6 1/2-1/2

[Event "VIE-ch Resolution (Women) 7th"]
[Site "Bac Giang"]
[Date "2014.12.08"]
[Round "3"]
[White "Nguyen, Thi Thao Linh"]
[Black "Le, Thi Thu Huong"]
[Result "0-1"]
[WhiteElo "1882"]
[BlackElo "2030"]
[PlyCount "56"]
[EventDate "2014.12.05"]
[EventType "swiss"]
[EventRounds "9"]
[EventCountry "VIE"]
[SourceTitle "EXT 2016"]
[Source "ChessBase"]
[SourceDate "2015.10.08"]
[SourceVersion "1"]
[SourceVersionDate "2015.10.08"]
[SourceQuality "1"]

1. d4 d5 2. Nf3 Nf6 3. e3 Bg4 4. Bd3 e6 5. 0-0 Bd6 6. Nbd2 Nbd7 7. c4 c5 8. Qb3 b6 9. Re1 cxd4 10. exd4 0-0 11. cxd5 Nxd5 12. Nc4 Bc7 13. h3 Bxf3 14. Bxh7+ Kxh7 15. Qxf3 g6 16. g3 Qf6 17. Qd1 b5 18. Nd2 Qxd4 19. Re4 Qd3 20. Qg4 N7f6 21. Qh4+ Kg7 22. Rd4 Qe2 23. Nf1 Rh8 24. Rd2 Qf3 25. Nh2 Qf5 26. g4 Qe5 27. f4 Bb6+ 28. Kf1 Qxf4+ 0-1